| 000 | 00559nam a2200205Ia 4500 | ||
|---|---|---|---|
| 001 | 15098 | ||
| 003 | GE_BSU | ||
| 008 | 181216s||||||||xx |||||||||||||| ||und|| | ||
| 040 | _cGE_BSU | ||
| 080 | _a517.98 | ||
| 100 | _aВулих,Ю.З. | ||
| 245 | _aВведение в функциональный анализ | ||
| 245 | _cРед.Г.П.Акилов | ||
| 260 | _aМосква | ||
| 260 | _bГосиздат | ||
| 260 | _c1958 | ||
| 300 | _a348стр.22см. | ||
| 653 | _aВведение в функциональный анализ | ||
| 942 | _cBK | ||
| 999 |
_c48216 _d48216 |
||